[Event "Florianopolis op 10th"]
[Site "Florianopolis"]
[Date "2024.01.25"]
[Round "7"]
[White "De Oliveira, Gualter Amelio"]
[Black "Peixoto, Rudson Marinho"]
[Result "0-1"]
[WhiteElo "1585"]
[BlackElo "1895"]
[PlyCount "68"]
[EventDate "2024.01.20"]
[EventType "swiss"]
[EventRounds "10"]
[EventCountry "BRA"]
[SourceTitle "CB05_2024"]
[SourceDate "2024.01.31"]
[SourceVersion "1"]
[SourceVersionDate "2024.01.31"]
[SourceQuality "1"]

1. d4 e6 2. c4 Nf6 3. a3 b6 4. Nf3 Bb7 5. e3 Be7 6. Bd3 0-0 7. Nbd2 d5 8. Qe2 Ne4 9. 0-0 Nd7 10. Ne1 c5 11. cxd5 exd5 12. Ndf3 Bf6 13. Bb1 Re8 14. Qd1 c4 15. Qc2 g6 16. g3 Rc8 17. Nd2 Nd6 18. h4 b5 19. Qc3 Bg7 20. Bc2 Nf6 21. Ng2 Qb6 22. f3 Nh5 23. g4 Rxe3 24. Nxe3 Bxd4 25. Kh2 Bxc3 26. Nxd5 Bxd5 27. gxh5 Be5+ 28. f4 Bg7 29. hxg6 hxg6 30. Nf3 c3 31. bxc3 Rxc3 32. Ne1 Qd8 33. Bd2 Qxh4+ 34. Kg1 Qg3+ 0-1

[Event "Florianopolis op 10th"]
[Site "Florianopolis"]
[Date "2024.01.22"]
[Round "4"]
[White "Peixoto, Rudson Marinho"]
[Black "Bonilla Viamonte, Diego Armando"]
[Result "0-1"]
[WhiteElo "1895"]
[BlackElo "1620"]
[PlyCount "94"]
[EventDate "2024.01.20"]
[EventType "swiss"]
[EventRounds "10"]
[EventCountry "BRA"]
[SourceTitle "CB05_2024"]
[SourceDate "2024.01.31"]
[SourceVersion "1"]
[SourceVersionDate "2024.01.31"]
[SourceQuality "1"]

1. d4 d5 2. c4 e6 3. Nf3 Nf6 4. e3 Be7 5. Be2 Nbd7 6. Nbd2 0-0 7. 0-0 b6 8. b3 Bb7 9. Bb2 Rc8 10. cxd5 exd5 11. Rc1 Bd6 12. Re1 Re8 13. Bb5 c6 14. Bd3 Ne4 15. Qe2 b5 16. a3 a6 17. Nf1 f5 18. N3d2 Re6 19. f3 Nxd2 20. Qxd2 Qg5 21. f4 Qf6 22. Qc2 g6 23. Qf2 Rce8 24. Rc2 Qe7 25. b4 a5 26. Rc5 Nxc5 27. dxc5 Bc7 28. Qg3 Qf7 29. Nd2 axb4 30. axb4 Bd8 31. Nb3 Bf6 32. Nd4 Bxd4 33. Bxd4 Ra8 34. Qh4 Qe7 35. Qg3 Qf7 36. h4 Ra4 37. Rb1 Ra3 38. Be2 Re4 39. Rd1 Qe7 40. Kf2 Ra2 41. h5 g5 42. Kf1 Rxf4+ 43. Bf3 Rh4 44. Kg1 g4 45. Qb8+ Kf7 46. Bxd5+ cxd5 47. Qh8 Rxg2+ 0-1

[Event "Florianopolis op 10th"]
[Site "Florianopolis"]
[Date "2024.01.21"]
[Round "2"]
[White "Peixoto, Rudson Marinho"]
[Black "Roselli Mailhe, Bernardo"]
[Result "0-1"]
[WhiteElo "1895"]
[BlackElo "2364"]
[PlyCount "115"]
[EventDate "2024.01.20"]
[EventType "swiss"]
[EventRounds "10"]
[EventCountry "BRA"]
[SourceTitle "CB05_2024"]
[SourceDate "2024.01.31"]
[SourceVersion "1"]
[SourceVersionDate "2024.01.31"]
[SourceQuality "1"]

1. d4 Nf6 2. c4 e6 3. Nf3 Bb4+ 4. Bd2 a5 5. a3 Bxd2+ 6. Nbxd2 d6 7. e3 0-0 8. Be2 Nbd7 9. Qc2 e5 10. 0-0 Re8 11. b4 Nf8 12. dxe5 dxe5 13. Rfd1 Qe7 14. c5 e4 15. Nd4 axb4 16. axb4 Rxa1 17. Rxa1 Qe5 18. Nc4 Qg5 19. Kh1 Qh4 20. Rf1 Ng4 21. Bxg4 Bxg4 22. f3 exf3 23. gxf3 Bh3 24. Rg1 Ne6 25. Nxe6 Rxe6 26. Qc3 Rg6 27. Rxg6 hxg6 28. Kg1 Qg5+ 29. Kf2 Qg2+ 30. Ke1 Qxf3 31. Qd4 Qh1+ 32. Kd2 Qxh2+ 33. Kc3 Be6 34. Ne5 Qg3 35. Nd3 g5 36. b5 f6 37. Qe4 Qg4 38. Qxb7 Qc4+ 39. Kd2 Bf5 40. e4 Bxe4 41. Qc8+ Kh7 42. Qh3+ Kg8 43. Qc8+ Kf7 44. Qxc7+ Kg6 45. Qd7 Bf5 46. Qd6 Qxb5 47. c6 Qb6 48. Kc3 g4 49. Ne5+ Kh5 50. Nc4 Qa6 51. Qc5 Qa1+ 52. Kb4 Qb1+ 53. Ka5 g5 54. c7 g3 55. c8Q Bxc8 56. Qxc8 Qd3 57. Qh3+ Kg6 58. Qe6 0-1

[Event "Florianopolis op 8th"]
[Site "Florianopolis"]
[Date "2022.01.27"]
[Round "6"]
[White "Melo, Igor De Souza"]
[Black "Peixoto, Rudson Marinho"]
[Result "1-0"]
[WhiteElo "1732"]
[BlackElo "1941"]
[PlyCount "56"]
[EventDate "2022.01.24"]
[EventType "swiss"]
[EventRounds "10"]
[EventCountry "BRA"]
[SourceTitle "CBM 206 Extra"]
[Source "ChessBase"]
[SourceDate "2022.03.31"]
[SourceVersion "1"]
[SourceVersionDate "2022.03.31"]
[SourceQuality "1"]

1. e4 c5 2. Nf3 d6 3. Bb5+ Bd7 4. Bxd7+ Qxd7 5. 0-0 e5 6. c3 Nf6 7. d4 Qc7 8. Re1 Be7 9. dxe5 dxe5 10. Na3 Nbd7 11. Bg5 a6 12. Bxf6 Bxf6 13. Nc2 0-0 14. Ne3 Nb6 15. Ng4 Rfd8 16. Nxf6+ gxf6 17. Qc1 Qd7 18. Qh6 Qe6 19. Nh4 Kh8 20. Nf5 Rg8 21. Re3 Rg6 22. Qh4 Nd7 23. Rh3 Nf8 24. Rd1 Re8 25. Rd6 Qxa2 26. g3 Qc4 27. Rxf6 Rd8 28. Ne3 Qd3 1-0

[Event "Amazonas-ch Absoluto"]
[Site "Manaus"]
[Date "2021.12.05"]
[Round "3"]
[White "Peixoto, Rudson Marinho"]
[Black "Reis, Renan do Carmo"]
[Result "1/2-1/2"]
[WhiteElo "2019"]
[BlackElo "2313"]
[PlyCount "95"]
[EventDate "2021.12.04"]
[EventType "k.o."]
[EventRounds "7"]
[EventCountry "BRA"]
[SourceTitle "EXT 2023"]
[Source "ChessBase"]
[SourceDate "2022.10.05"]
[SourceVersion "1"]
[SourceVersionDate "2022.10.05"]
[SourceQuality "1"]

1. d4 Nf6 2. c4 e6 3. Nf3 c5 4. g3 cxd4 5. Nxd4 d5 6. Bg2 e5 7. Nf3 d4 8. 0-0 Nc6 9. e3 Be7 10. exd4 exd4 11. Nbd2 0-0 12. Nb3 d3 13. Be3 Bg4 14. h3 Bh5 15. g4 Bg6 16. Nbd4 Nxd4 17. Nxd4 Qc7 18. Qb3 Ne4 19. Nf5 Bxf5 20. gxf5 Nd6 21. c5 Nxf5 22. Qxb7 Qxb7 23. Bxb7 Nxe3 24. fxe3 Rab8 25. c6 Bc5 26. Kf2 Rfe8 27. Rfe1 Bb6 28. Rad1 Rbd8 29. Ba6 Ba5 30. Rg1 d2 31. Kf3 Bb6 32. Rg2 Rxe3+ 33. Kf4 Re7 34. Re2 Rxe2 35. Bxe2 Kf8 36. Bg4 Ke7 37. Bd7 Ba5 38. a3 Rb8 39. b4 Bc7+ 40. Kf3 a5 41. Rxd2 axb4 42. axb4 Rxb4 43. Bg4 Bd6 44. c7 Bxc7 45. Rd7+ Kf6 46. Rxc7 g6 47. Kg2 Re4 48. Bf3 1/2-1/2

[Event "BRA-ch 87th"]
[Site "Cuiaba"]
[Date "2021.10.31"]
[Round "5"]
[White "Zallio, Luciano de Souza"]
[Black "Peixoto, Rudson Marinho"]
[Result "1-0"]
[WhiteElo "2163"]
[BlackElo "1945"]
[PlyCount "67"]
[EventDate "2021.10.28"]
[EventType "swiss"]
[EventRounds "11"]
[EventCountry "BRA"]
[SourceTitle "CBM 205 Extra"]
[Source "ChessBase"]
[SourceDate "2022.01.31"]
[SourceVersion "1"]
[SourceVersionDate "2022.01.31"]
[SourceQuality "1"]

1. Nf3 Nf6 2. e3 d5 3. b3 Bg4 4. Bb2 Nbd7 5. Be2 e6 6. c4 c5 7. 0-0 Be7 8. cxd5 exd5 9. d4 0-0 10. Nc3 Rc8 11. Rc1 Re8 12. dxc5 Nxc5 13. Nd4 Bxe2 14. Ncxe2 Qd7 15. Ng3 g6 16. Qe2 Nce4 17. Ra1 a6 18. Qd3 Bd6 19. Nge2 Ng4 20. Nf3 Qc7 21. Ng3 Qb6 22. Qxd5 Nexf2 23. Rxf2 Nxf2 24. Bd4 Nh3+ 25. gxh3 Qc7 26. Ne4 Re6 27. Nfg5 Bxh2+ 28. Kh1 Rc6 29. Nf6+ Rxf6 30. Bxf6 h6 31. Nf3 Bg3 32. Rd1 Bf2 33. Ne5 g5 34. Bd8 1-0

[Event "Florianopolis op 7th"]
[Site "Florianopolis"]
[Date "2021.01.22"]
[Round "7"]
[White "Nogueira, Ivan Kuhlmann"]
[Black "Peixoto, Rudson Marinho"]
[Result "1-0"]
[WhiteElo "2224"]
[BlackElo "1932"]
[PlyCount "107"]
[EventDate "2021.01.18"]
[EventType "swiss"]
[EventRounds "10"]
[EventCountry "BRA"]
[SourceTitle "CBM 200 Extra"]
[Source "ChessBase"]
[SourceDate "2021.03.31"]
[SourceVersion "1"]
[SourceVersionDate "2021.03.31"]
[SourceQuality "1"]

1. e4 c5 2. d4 cxd4 3. c3 dxc3 4. Nxc3 e6 5. Nf3 Nc6 6. Bc4 Bb4 7. 0-0 Nge7 8. Qe2 0-0 9. Bf4 Bxc3 10. bxc3 d5 11. Bb3 Ng6 12. Bg5 f6 13. exd5 exd5 14. Rad1 Qe8 15. Be3 Bg4 16. Rfe1 Nge5 17. Bxd5+ Kh8 18. h3 Bxf3 19. Bxf3 Rd8 20. Bd5 Qd7 21. Qh5 g6 22. Qh4 Qf5 23. f4 Rxd5 24. fxe5 Rxd1 25. Rxd1 fxe5 26. Bh6 Re8 27. Rf1 Qe6 28. Rf6 Qe7 29. Qf2 Kg8 30. Qf1 Qc5+ 31. Kh1 Nd8 32. Qd3 Qe7 33. Rxg6+ hxg6 34. Qxg6+ Kh8 35. Bg5 Rg8 36. Qh6+ Qh7 37. Bf6+ Rg7 38. Bxg7+ Kg8 39. Qxh7+ Kxh7 40. Bxe5 Nc6 41. Bc7 Kg6 42. g4 Ne7 43. Kh2 Nd5 44. Be5 b5 45. h4 a5 46. Kg3 b4 47. cxb4 Nxb4 48. a3 Nd3 49. Bd4 a4 50. Kf3 Ne1+ 51. Kf2 Nd3+ 52. Ke2 Nf4+ 53. Kf3 Nd3 54. h5+ 1-0

[Event "Florianopolis op 6th"]
[Site "Florianopolis"]
[Date "2020.01.25"]
[Round "8"]
[White "Peixoto, Rudson Marinho"]
[Black "Nobre, Jailson Altair Barb"]
[Result "1-0"]
[WhiteElo "1938"]
[BlackElo "1638"]
[PlyCount "75"]
[EventDate "2020.01.20"]
[EventType "swiss"]
[EventRounds "10"]
[EventCountry "BRA"]
[SourceTitle "CBM 194 Extra"]
[Source "ChessBase"]
[SourceDate "2020.03.31"]
[SourceVersion "1"]
[SourceVersionDate "2020.03.31"]
[SourceQuality "1"]

1. Nf3 Nf6 2. g3 g6 3. d4 Bg7 4. c4 d6 5. Bg2 Nbd7 6. 0-0 0-0 7. Nc3 e5 8. Qc2 c6 9. Rd1 e4 10. Nxe4 Re8 11. Nxd6 Re6 12. Nxc8 Rxc8 13. Bg5 Qe7 14. e3 h6 15. Bxf6 Bxf6 16. Rac1 h5 17. Bh3 h4 18. Bxe6 Qxe6 19. e4 Qh3 20. e5 hxg3 21. fxg3 Be7 22. Qe4 Kg7 23. b4 Rh8 24. a3 g5 25. Rc2 g4 26. Ne1 Nf8 27. d5 Bg5 28. Nd3 Ng6 29. Rf1 Ne7 30. d6 Ng6 31. Rxf7+ Kxf7 32. Qf5+ Kg7 33. Qxg5 Rf8 34. Rf2 Qh8 35. Nf4 Rxf4 36. Rxf4 Qg8 37. Qxg6+ Kxg6 38. Rxg4+ 1-0

[Event "Florianopolis op 6th"]
[Site "Florianopolis"]
[Date "2020.01.23"]
[Round "6"]
[White "Peixoto, Rudson Marinho"]
[Black "Wilberger, Marcelo"]
[Result "1/2-1/2"]
[WhiteElo "1938"]
[BlackElo "1673"]
[PlyCount "70"]
[EventDate "2020.01.20"]
[EventType "swiss"]
[EventRounds "10"]
[EventCountry "BRA"]
[SourceTitle "CBM 194 Extra"]
[Source "ChessBase"]
[SourceDate "2020.03.31"]
[SourceVersion "1"]
[SourceVersionDate "2020.03.31"]
[SourceQuality "1"]

1. Nf3 Nf6 2. d4 g6 3. c4 Bg7 4. e3 0-0 5. Nbd2 c5 6. Bd3 cxd4 7. exd4 d5 8. 0-0 Nc6 9. c5 b6 10. Nb3 Bg4 11. h3 Bxf3 12. Qxf3 bxc5 13. dxc5 e5 14. Bb5 Qc7 15. Bg5 Ne4 16. Be3 a6 17. Bd3 Nf6 18. Qe2 Nb4 19. Bb1 h6 20. Qd2 a5 21. Bxh6 a4 22. Bxg7 Kxg7 23. Qxb4 axb3 24. Qxb3 Qxc5 25. Bd3 Rfb8 26. Qc3 Qxc3 27. bxc3 e4 28. Bb1 Rb3 29. Rc1 Rc8 30. Kf1 d4 31. c4 d3 32. Ke1 Nd5 33. Kd2 Nf4 34. Rc3 Rxc3 35. Kxc3 Ne2+ 1/2-1/2

[Event "Florianopolis op 6th"]
[Site "Florianopolis"]
[Date "2020.01.21"]
[Round "2"]
[White "Peixoto, Rudson Marinho"]
[Black "Damasceno, Enzo De Carvalho"]
[Result "1-0"]
[WhiteElo "1938"]
[BlackElo "1687"]
[PlyCount "60"]
[EventDate "2020.01.20"]
[EventType "swiss"]
[EventRounds "10"]
[EventCountry "BRA"]
[SourceTitle "CBM 194 Extra"]
[Source "ChessBase"]
[SourceDate "2020.03.31"]
[SourceVersion "1"]
[SourceVersionDate "2020.03.31"]
[SourceQuality "1"]

1. e4 c5 2. Nf3 Nf6 3. Bc4 d6 4. h3 Nc6 5. Nc3 a6 6. a4 e6 7. 0-0 Nxe4 8. Nxe4 d5 9. Bd3 dxe4 10. Bxe4 Be7 11. Bxc6+ bxc6 12. d3 0-0 13. Ne5 Qc7 14. Re1 Bb7 15. a5 Rad8 16. Nc4 Bf6 17. Qf3 Rd4 18. c3 Rd5 19. Bf4 Qd8 20. Rad1 Bg5 21. Ne3 Bxf4 22. Nxd5 cxd5 23. Qxf4 Qxa5 24. b4 cxb4 25. Rb1 Bc6 26. Rxb4 h6 27. Reb1 Qa2 28. c4 Qc2 29. Qc7 Bb5 30. Qb6 e5 1-0

[Event "Florianopolis op 5th"]
[Site "Florianopolis"]
[Date "2019.01.24"]
[Round "6"]
[White "Peixoto, Rudson Marinho"]
[Black "Goncalves, Mateus"]
[Result "1-0"]
[WhiteElo "1931"]
[BlackElo "1580"]
[PlyCount "109"]
[EventDate "2019.01.21"]
[EventType "swiss"]
[EventRounds "10"]
[EventCountry "BRA"]
[SourceTitle "EXT 2020"]
[Source "ChessBase"]
[SourceDate "2019.10.17"]
[SourceVersion "1"]
[SourceVersionDate "2019.10.17"]
[SourceQuality "1"]

1. e4 c5 2. Nc3 d6 3. Nf3 Nf6 4. d4 cxd4 5. Nxd4 a6 6. Be2 e5 7. Nf3 Be6 8. 0-0 Be7 9. Bg5 Nbd7 10. h3 0-0 11. Re1 Qc7 12. Bf1 Rac8 13. g4 b5 14. a3 Nb6 15. Nd2 d5 16. exd5 Nbxd5 17. Nxd5 Bxd5 18. Rc1 Rfd8 19. Qe2 Re8 20. c4 bxc4 21. Nxc4 Ne4 22. Bxe7 Qxe7 23. Ne3 Be6 24. Bg2 Nd6 25. Qxa6 Rb8 26. b4 Nb5 27. Nd5 Bxd5 28. Bxd5 Nc7 29. Qc4 Nxd5 30. Qxd5 Rbd8 31. Qb3 h5 32. Rcd1 hxg4 33. hxg4 Rb8 34. Kg2 Qb7+ 35. Qd5 Qa7 36. Re3 Rbc8 37. Qd7 Qa8+ 38. Qd5 Qa4 39. Qb3 Qc6+ 40. Kg1 Qg6 41. Rg3 Rc2 42. Qd3 Qc6 43. Qd7 Qa8 44. b5 Rb8 45. g5 Qb7 46. Qf5 Rc7 47. g6 Qxb5 48. gxf7+ Rxf7 49. Qh5 e4 50. Rd8+ Rf8 51. Qg6 Qe5 52. Rd7 Rf5 53. Rxg7+ Kf8 54. Rg8+ Ke7 55. Rxb8 1-0

[Event "Florianopolis op 5th"]
[Site "Florianopolis"]
[Date "2019.01.21"]
[Round "1"]
[White "De Sousa E Silva, Luis Gonzaga"]
[Black "Peixoto, Rudson Marinho"]
[Result "0-1"]
[WhiteElo "1318"]
[BlackElo "1931"]
[PlyCount "76"]
[EventDate "2019.01.21"]
[EventType "swiss"]
[EventRounds "10"]
[EventCountry "BRA"]
[SourceTitle "CBM 188 Extra"]
[Source "ChessBase"]
[SourceDate "2019.02.26"]
[SourceVersion "1"]
[SourceVersionDate "2019.02.26"]
[SourceQuality "1"]

1. Nf3 Nf6 2. g3 b6 3. Bg2 Bb7 4. 0-0 e6 5. d3 Be7 6. Nbd2 0-0 7. e4 d6 8. Re1 Nbd7 9. d4 c5 10. c3 Qc7 11. Qc2 Rfe8 12. a4 cxd4 13. Nxd4 a6 14. f4 Rac8 15. N2f3 Bf8 16. Ng5 h6 17. Ngf3 Nc5 18. e5 dxe5 19. Nxe5 Nd5 20. Bd2 Nd7 21. Ndf3 N7f6 22. h3 Red8 23. Nd4 Bc5 24. Kh2 Bxd4 25. c4 Ne7 26. Bxb7 Qxb7 27. Rab1 b5 28. b3 Nf5 29. g4 Bxe5 30. fxe5 Nd4 31. Qc3 Nf3+ 32. Kg3 Nxe1 33. Rxe1 Ne4+ 34. Rxe4 Qxe4 35. Kh4 Rd3 36. Qc1 g5+ 37. Bxg5 hxg5+ 38. Qxg5+ Qg6 0-1

[Event "Rio de Janeiro Duchamp op 2nd"]
[Site "Rio de Janeiro"]
[Date "2018.11.17"]
[Round "5"]
[White "Peixoto, Rudson Marinho"]
[Black "Guimaraes, Diogo Duarte"]
[Result "0-1"]
[WhiteElo "2007"]
[BlackElo "2272"]
[PlyCount "104"]
[EventDate "2018.11.14"]
[EventType "swiss"]
[EventRounds "9"]
[EventCountry "BRA"]
[SourceTitle "CBM 187 Extra"]
[Source "ChessBase"]
[SourceDate "2018.11.04"]
[SourceVersion "1"]
[SourceVersionDate "2018.11.04"]
[SourceQuality "1"]

1. e4 e5 2. Nf3 Nc6 3. Bb5 Nf6 4. d3 Bc5 5. 0-0 0-0 6. Bg5 h6 7. Bh4 g5 8. Bg3 d6 9. c3 a6 10. Bxc6 bxc6 11. d4 Bb6 12. dxe5 Nxe4 13. exd6 cxd6 14. Nbd2 d5 15. Qa4 Nxg3 16. hxg3 Qc7 17. Kh2 Bd7 18. Qc2 c5 19. Rfe1 Rfe8 20. Nf1 Qd6 21. Rad1 Rxe1 22. Rxe1 d4 23. Ne5 Be6 24. f4 Rd8 25. Rd1 Qc7 26. Qe2 dxc3 27. bxc3 Rxd1 28. Qxd1 gxf4 29. gxf4 f6 30. Qh5 fxe5 31. Qg6+ Kf8 32. Qxe6 exf4 33. Qxh6+ Ke7 34. Nd2 Ba5 35. Qg7+ Ke6 36. Qg6+ Kd7 37. Ne4 Qe5 38. Qf7+ Kc6 39. Qc4 Bb6 40. Kg1 Qd5 41. Qa4+ Kc7 42. Qe8 c4+ 43. Kh2 Kb7 44. Nf6 Qd6 45. Qd7+ Qxd7 46. Nxd7 Bc7 47. Kh3 Kc6 48. Nf6 Be5 49. Nh5 Kd5 50. Kg4 Ke4 51. a3 Bxc3 52. Nxf4 Bd2 0-1

[Event "Rio de Janeiro Duchamp op 2nd"]
[Site "Rio de Janeiro"]
[Date "2018.11.14"]
[Round "1"]
[White "Peixoto, Rudson Marinho"]
[Black "Menna Barreto, Felipe Kubiaki"]
[Result "0-1"]
[WhiteElo "2007"]
[BlackElo "2342"]
[PlyCount "66"]
[EventDate "2018.11.14"]
[EventType "swiss"]
[EventRounds "9"]
[EventCountry "BRA"]
[SourceTitle "CBM 187 Extra"]
[Source "ChessBase"]
[SourceDate "2018.11.04"]
[SourceVersion "1"]
[SourceVersionDate "2018.11.04"]
[SourceQuality "1"]

1. Nf3 Nf6 2. d4 g6 3. c4 Bg7 4. Nc3 0-0 5. Bg5 c5 6. d5 d6 7. e4 h6 8. Bh4 g5 9. Bg3 Nh5 10. Be2 Nxg3 11. hxg3 e6 12. Qd2 exd5 13. cxd5 Nd7 14. 0-0-0 a6 15. Rh2 Re8 16. Rdh1 Qf6 17. Bd3 b5 18. e5 Nxe5 19. Nxe5 Qxe5 20. Nd1 c4 21. Bc2 Qf6 22. f4 Bg4 23. fxg5 hxg5 24. Bh7+ Kf8 25. Nc3 b4 26. Ne4 Rxe4 27. Bxe4 c3 28. Qc2 cxb2+ 29. Kb1 Rc8 30. Qd2 Rc1+ 31. Rxc1 bxc1Q+ 32. Kxc1 Qf1+ 33. Kc2 Qc4+ 0-1

[Event "Rio de Janeiro Duchamp op U2200"]
[Site "Rio de Janeiro"]
[Date "2017.11.17"]
[Round "4"]
[White "Ramos, Angelo Bil"]
[Black "Peixoto, Rudson Marinho"]
[Result "1/2-1/2"]
[WhiteElo "1994"]
[BlackElo "1948"]
[PlyCount "156"]
[EventDate "2017.11.11"]
[EventType "swiss"]
[EventRounds "5"]
[EventCountry "BRA"]
[SourceTitle "EXT 2019"]
[Source "ChessBase"]
[SourceDate "2018.10.10"]
[SourceVersion "1"]
[SourceVersionDate "2018.10.10"]
[SourceQuality "1"]

1. e4 c5 2. Nf3 Nc6 3. d4 cxd4 4. Nxd4 g6 5. c4 Bg7 6. Nc2 Nf6 7. Nc3 0-0 8. Be2 d6 9. 0-0 Bd7 10. Bd2 Rc8 11. Rc1 Ne5 12. b3 Bc6 13. f3 e6 14. Be3 b6 15. Nd4 Qe7 16. f4 Ned7 17. Nxc6 Rxc6 18. Bf3 e5 19. Qd2 exf4 20. Bxf4 Ne5 21. Be2 Qe6 22. Rce1 Re8 23. Bd1 Nfd7 24. Nb5 Qe7 25. Nxa7 Rc5 26. Nb5 Bf8 27. Nc3 Ra5 28. a4 Rc8 29. Nd5 Qd8 30. Bg5 Qe8 31. Nxb6 Raa8 32. Nxa8 Rxa8 33. Be3 Nc5 34. Bc2 Rb8 35. Qd1 Qc6 36. Qd5 Nxb3 37. Qxc6 Nxc6 38. Rb1 Nba5 39. Rxb8 Nxb8 40. Bd3 Bg7 41. Rb1 Nbc6 42. Rb5 Bc3 43. Bb6 Kf8 44. c5 Nb7 45. cxd6 Nxd6 46. Bc5 Ke7 47. Rb7+ Ke6 48. Bxd6 Kxd6 49. Bb5 Ne5 50. h3 h5 51. Kf1 g5 52. Be2 g4 53. Rb5 Kc6 54. a5 gxh3 55. gxh3 h4 56. Rb3 Bxa5 57. Rb8 Bd2 58. Rd8 Bf4 59. Bg4 Kc5 60. Kg2 Kc4 61. Bh5 Bg3 62. Kf1 Bf4 63. Ke2 Bg5 64. Rd5 f6 65. Kd1 Kc3 66. Be2 Bf4 67. Bb5 Bg5 68. Bd7 Bf4 69. Ke2 Bg5 70. Rd6 Kc4 71. Kd1 Kc3 72. Bf5 Nc4 73. Rd8 Ne5 74. Be6 Bf4 75. Rd6 Bg5 76. Ba2 Nd3 77. Be6 Nf2+ 78. Ke2 Nxe4 1/2-1/2

[Event "Rio de Janeiro Duchamp op U2200"]
[Site "Rio de Janeiro"]
[Date "2017.11.15"]
[Round "2"]
[White "Daneri, Martin"]
[Black "Peixoto, Rudson Marinho"]
[Result "0-1"]
[WhiteElo "2090"]
[BlackElo "1948"]
[PlyCount "64"]
[EventDate "2017.11.11"]
[EventType "swiss"]
[EventRounds "5"]
[EventCountry "BRA"]
[SourceTitle "EXT 2019"]
[Source "ChessBase"]
[SourceDate "2018.10.10"]
[SourceVersion "1"]
[SourceVersionDate "2018.10.10"]
[SourceQuality "1"]

1. e4 c5 2. Nf3 Nc6 3. Nc3 g6 4. Bb5 Bg7 5. Bxc6 dxc6 6. d3 Nf6 7. Be3 b6 8. h3 0-0 9. Qd2 Re8 10. 0-0 e5 11. a3 Qc7 12. b4 cxb4 13. axb4 Bb7 14. Nh2 Nh5 15. Ne2 h6 16. g4 Nf6 17. f4 Rad8 18. Ng3 c5 19. bxc5 exf4 20. cxb6 Qc6 21. Bxf4 Nxe4 22. Nxe4 Rxe4 23. Nf3 Bxa1 24. Bc7 Bd4+ 25. Kh2 Be3 26. Qa5 Bf4+ 27. Kg1 Bxc7 28. bxc7 Rd5 29. Qa2 Rf4 30. d4 Qxc7 31. c4 Ra5 32. Qe2 Rxf3 0-1

[Event "Manaus zt 2.4"]
[Site "Manaus"]
[Date "2013.05.01"]
[Round "6"]
[White "Braga Neto, Antenor de Carvalho"]
[Black "Peixoto, Rudson Marinho"]
[Result "0-1"]
[WhiteElo "1749"]
[BlackElo "2016"]
[PlyCount "96"]
[EventDate "2013.04.27"]
[EventType "swiss"]
[EventRounds "9"]
[EventCountry "BRA"]
[SourceTitle "CBM 154 Extra"]
[Source "ChessBase"]
[SourceDate "2013.06.25"]
[SourceVersion "2"]
[SourceVersionDate "2013.06.25"]
[SourceQuality "1"]

1. d4 d5 2. c4 c6 3. Nf3 Nf6 4. Qc2 Nbd7 5. g3 e6 6. Bg2 Bb4+ 7. Bd2 Qe7 8. a3 Bxd2+ 9. Nbxd2 e5 10. dxe5 Nxe5 11. Nxe5 Qxe5 12. Nf3 Qh5 13. cxd5 Qxd5 14. Rd1 Qa5+ 15. Nd2 0-0 16. 0-0 Qh5 17. Nf3 Bh3 18. Rd4 Bxg2 19. Kxg2 Rfe8 20. Rfd1 h6 21. h3 a5 22. R1d2 Rac8 23. Rh4 Qb5 24. Nd4 Qd5+ 25. Nf3 Qe6 26. Nd4 Qd5+ 27. f3 Rcd8 28. e4 Qe5 29. Nf5 b5 30. Re2 c5 31. f4 Qc7 32. e5 Qc6+ 33. Kh2 Qf3 34. Rf2 Qe4 35. exf6 Rd3 36. Nxg7 Red8 37. Rg4 Kh8 38. Rh4 c4 39. Rxh6+ Kg8 40. Rh5 b4 41. axb4 axb4 42. Re5 Qc6 43. Re1 c3 44. bxc3 bxc3 45. Ree2 Rd1 46. Rg2 Qf3 47. Re8+ Rxe8 48. Nxe8 Qxg2+ 0-1

[Event "Manaus zt 2.4"]
[Site "Manaus"]
[Date "2013.05.01"]
[Round "7"]
[White "Peixoto, Rudson Marinho"]
[Black "Freire da Silva, Lucivaldo"]
[Result "1-0"]
[WhiteElo "2016"]
[BlackElo "1812"]
[PlyCount "39"]
[EventDate "2013.04.27"]
[EventType "swiss"]
[EventRounds "9"]
[EventCountry "BRA"]
[SourceTitle "CBM 154 Extra"]
[Source "ChessBase"]
[SourceDate "2013.06.25"]
[SourceVersion "2"]
[SourceVersionDate "2013.06.25"]
[SourceQuality "1"]

1. e4 e5 2. Nf3 Nc6 3. Nc3 Nf6 4. Bc4 Bb4 5. d3 0-0 6. Bg5 d6 7. 0-0 Bxc3 8. bxc3 Bg4 9. h3 Bh5 10. g4 Bg6 11. Nd2 h6 12. Bh4 Qe7 13. a4 Na5 14. Ba2 c6 15. Qf3 Rab8 16. Rfe1 b5 17. axb5 Rxb5 18. Qe3 Nh7 19. Bxe7 Re8 20. Qxa7 1-0

[Event "Manaus zt 2.4"]
[Site "Manaus"]
[Date "2013.04.29"]
[Round "4"]
[White "Chang, Suzana"]
[Black "Peixoto, Rudson Marinho"]
[Result "1-0"]
[WhiteElo "1972"]
[BlackElo "2016"]
[PlyCount "65"]
[EventDate "2013.04.27"]
[EventType "swiss"]
[EventRounds "9"]
[EventCountry "BRA"]
[SourceTitle "CBM 154 Extra"]
[Source "ChessBase"]
[SourceDate "2013.06.25"]
[SourceVersion "2"]
[SourceVersionDate "2013.06.25"]
[SourceQuality "1"]

1. c4 g6 2. d4 Bg7 3. Nc3 Nf6 4. Nf3 d5 5. e3 0-0 6. b4 a5 7. b5 c6 8. cxd5 cxb5 9. Nxb5 Nxd5 10. e4 Nc7 11. Nxc7 Qxc7 12. Be2 Nc6 13. 0-0 Bg4 14. Be3 Qd7 15. d5 Bxf3 16. Bxf3 Ne5 17. Be2 b5 18. a4 Nc4 19. Bd4 e5 20. Bc3 Nd6 21. Bxb5 Nxb5 22. axb5 Qxb5 23. Qa4 Qd3 24. Bxa5 f5 25. Qd7 fxe4 26. Bb6 e3 27. Bxe3 e4 28. Rxa8 Rxa8 29. Rc1 h5 30. h4 Ra1 31. Rxa1 Bxa1 32. Qe6+ Kh7 33. d6 1-0